000 00264nam a2200109Ia 4500
008 230320s9999||||xx |||||||||||||| ||spa||
082 _a540.9/L42
100 _aLeicester, Henry
245 0 _aPanorama Historico De La Quimica
260 _bALHAMBRA
942 _80
_cLIB
999 _c29546
_d29546